LEADER 03384nam a2200745 a 4500
001 nkc20112249487
003 CZ PrNK
005 20190726165329.0
007 ta
008 111027s2011 xr ac e 000 1dcze
015 |a cnb002249487 
020 |a 978-80-7195-582-5  |q (brož.) 
035 |a (OCoLC)773171904 
040 |a ABA001  |b cze  |d BOA001 
041 1 |a cze  |h slo  |h ita 
043 |a e-bn--- 
045 |a x4x4 
072 7 |a 322  |x Politika a náboženství. Vztahy mezi církví a státem  |2 Konspekt  |9 15 
080 |a 27-788-055.2  |2 MRF 
080 |a 27-34-055.2  |2 MRF 
080 |a 27-789-055.2  |2 MRF 
080 |a 27-674.5  |2 MRF 
080 |a 94(497.6)"1941"  |2 MRF 
080 |a 341.322.5  |2 MRF 
080 |a 94(100)"1939/1945"  |2 MRF 
080 |a 94(497.6)  |2 MRF 
080 |a (0:82-94)  |2 MRF 
080 |a (0:82-96)  |2 MRF 
100 1 |a Baković, Anto,  |d 1931-  |7 mzk2011673673  |4 aut 
245 1 0 |a Blahoslavené drinské mučednice /  |c Anto Baković ; s předmluvou Vinka Puljiće ; [z italského originálu ... přeložila do slovenštiny M. Felicitas Vengliková, do češtiny převedla Marta Svobodová] 
260 |a Kostelní Vydří :  |b Karmelitánské nakladatelství,  |c 2011 
300 |a 167 s. :  |b il. (některé barev.), portréty ;  |c 20 cm 
500 |a Vydáno pro Kongregaci Dcer Božské lásky 
610 2 7 |a Dcery Božské lásky  |7 kn20060822012  |2 czenas 
648 7 |a 20. století  |7 ch460558  |2 czenas 
648 7 |a 1939-1945  |7 ch460653  |2 czenas 
648 7 |a 1941  |7 ch967351  |2 czenas 
650 0 7 |a řeholnice  |7 ph128281  |z Bosna a Hercegovina  |y 20. století  |2 czenas 
650 0 7 |a křesťanské mučednice  |7 ph395704  |z Bosna a Hercegovina  |y 20. století  |2 czenas 
650 0 7 |a ženské řeholní řády  |7 ph311264  |z Bosna a Hercegovina  |y 20. století  |2 czenas 
650 0 7 |a náboženská perzekuce  |7 ph117342  |z Bosna a Hercegovina  |y 20. století  |2 czenas 
650 0 7 |a masakr v Goražde (1941 : Goražde, Bosna a Hercegovina)  |7 ph667651  |2 czenas 
650 0 7 |a válečné zločiny  |7 ph138039  |z Bosna a Hercegovina  |y 1939-1945  |2 czenas 
650 0 7 |a druhá světová válka (1939-1945)  |7 ph117270  |z Bosna a Hercegovina  |2 czenas 
650 0 9 |a nuns  |z Bosnia and Herzegovina  |y 20th century  |2 eczenas 
650 0 9 |a Christian women martyrs  |z Bosnia and Herzegovina  |y 20th century  |2 eczenas 
650 0 9 |a female monastic orders  |z Bosnia and Herzegovina  |y 20th century  |2 eczenas 
650 0 9 |a religious persecution  |z Bosnia and Herzegovina  |y 20th century  |2 eczenas 
650 0 9 |a Goražde massacre (1941 : Goražde, Bosnia and Herzegovina)  |2 eczenas 
650 0 9 |a war crimes  |z Bosnia and Herzegovina  |y 1939-1945  |2 eczenas 
650 0 9 |a World War (1939-1945)  |z Bosnia and Herzegovina  |2 eczenas 
651 7 |a Goražde (Bosna a Hercegovina)  |7 ge448314  |x dějiny  |y 1939-1945  |2 czenas 
651 9 |a Goražde (Bosnia and Herzegovina)  |x history  |y 1939-1945  |2 eczenas 
655 7 |a vzpomínky  |7 fd133830  |2 czenas 
655 7 |a literatura faktu  |7 fd132773  |2 czenas 
655 9 |a reminiscences  |2 eczenas 
655 9 |a non-fiction  |2 eczenas 
765 0 |t Martiri della Drina  |9 Česky 
700 1 |a Puljić, Vinko,  |d 1945-  |7 jn20030901036  |4 wfw 
710 2 |a Dcery Božské lásky  |7 kn20060822012 
910 2 |a BOA001  |b 1-1276.102 
990 |a BK 
995 |a 01 
991 |b 201112  |c NOV  |e n 
996 6 |b 2610495835  |c 1-1276.102  |l MZK  |r Sklad / do 1 hodiny  |n 0  |p p.v.  |w 001217988  |u 000010  |a 1  |e BOA001  |j MZK50  |s P